Statistics for U.S. States with Dunkin' Donuts

Click here to take the quiz!

General Stats

  • This quiz has been taken 51 times
  • The average score is 37 of 45

Answer Stats

HintAnswer% Correct
880Florida
95%
189Texas
95%
130California
91%
259Georgia
91%
159Maine
91%
102Arizona
88%
484Connecticut
88%
27Kansas
88%
1071Massachusetts
88%
1420New York
88%
235Ohio
88%
160Rhode Island
88%
20Washington, D.C.
88%
302Maryland
86%
101Michigan
86%
218New Hampshire
86%
617Pennsylvania
86%
49Vermont
86%
57Alabama
84%
43Colorado
84%
37Kentucky
84%
860New Jersey
84%
120Tennessee
84%
1Utah
84%
1Alaska
81%
9Arkansas
81%
6Hawaii
81%
692Illinois
81%
34Minnesota
81%
38Nevada
81%
34Iowa
79%
23Nebraska
79%
19New Mexico
79%
199North Carolina
79%
15Oklahoma
79%
101South Carolina
79%
228Virginia
79%
98Indiana
77%
10Mississippi
77%
47Missouri
77%
82Wisconsin
77%
15Louisiana
74%
27West Virginia
74%
1Wyoming
67%
66Deleware
12%

Score Distribution

Percentile by Number Answered

Percent of People with Each Score

Your Score History

You have not taken this quiz